| 000 | 02066cam a22002054a 4500 | ||
|---|---|---|---|
| 005 | 20250605163948.0 | ||
| 008 | 250528s ||||||||||||||||||||||||d | ||
| 035 | _a15283 | ||
| 020 | _a135491231 | ||
| 040 |
_aGR-AtMCL _bgre _dGR-AtMCL _eAACR2 |
||
| 245 | 1 | _aManagement Accounting / Text and Cases | |
| 260 |
_bPrentice Hall, _c1988 |
||
| 300 | _a644 | ||
| 505 | 0 | _aPreface, Introduction, Cost Accounting Systems, An Introduction to Manufacturing Cost Accounting Systems, Standard Cost Accounting Systems, Historical and Combination Cost Accounting, Assigning Overhead Costs to Products, Miscellaneous Tpics in Cost Accounting, Decision Support Systems, Decision Support Systems: Tactical Marketing Decisions, Decision Support Systems: Disinvestment Decisions, Decision Support Systems: Capital Investment Decisions, Financial Control Systems, Manufacturing Cost Varriance Analysis, Financial Control of Manufacturing Overhead Expenses, Financial Control of Discretionary Expenses, Profit Analysis, Management Control Systems, Profit Centers, Transfer Pricing, Measurement of Performance, Cost Accounting and Control in Service Industries, Comprehensive Cases. | |
| 520 | _aPreface, Introduction, Cost Accounting Systems, An Introduction to Manufacturing Cost Accounting Systems, Standard Cost Accounting Systems, Historical and Combination Cost Accounting, Assigning Overhead Costs to Products, Miscellaneous Tpics in Cost Accounting, Decision Support Systems, Decision Support Systems: Tactical Marketing Decisions, Decision Support Systems: Disinvestment Decisions, Decision Support Systems: Capital Investment Decisions, Financial Control Systems, Manufacturing Cost Varriance Analysis, Financial Control of Manufacturing Overhead Expenses, Financial Control of Discretionary Expenses, Profit Analysis, Management Control Systems, Profit Centers, Transfer Pricing, Measurement of Performance, Cost Accounting and Control in Service Industries, Comprehensive Cases. | ||
| 700 | 1 |
_aDearden John _91175 |
|
| 942 | _cBK | ||
| 999 |
_c874 _d874 |
||